000 01079nab a22002297a 4500
999 _c5785
_d5785
003 OSt
005 20260106180634.0
008 190514b xxu||||| |||| 00| 0 spa d
040 _cPJ
100 _94688
_aPiccinelli, Ornela
245 1 0 _aCaducidad de la compensación económica :
_bsobre cómo (nos) impacta el tiempo /
_cOrnela Piccinelli.
300 _ap. 124-138
505 _aSumario: I. El tiempo tampoco es neutral.— II. La caducidad de la compensación económica en el divorcio y en el cese de la unión convivencial. Reglas aplicables.— III. Repensar la regulación del tiempo.— IV. Tiempo de repensar(nos) en la lectura de las normas.
505 _tSi te interesa el texto, comunicate a koha@justierradelfuego.gov.ar
650 0 _9967
_aDERECHO DE FAMILIA
650 0 _aCODIGO CIVIL Y COMERCIAL
_91497
650 0 _aUNIONES CONVIVENCIALES
_91053
650 0 _aDIVORCIO
_9977
650 0 _aCOMPENSACIÓN ECONÓMICA
_95830
773 0 _02844
_93222
_dBuenos Aires : AbeledoPerrot, 1989-
_tDerecho de familia. N° 115 - Julio 2024
_z18511201
942 _2udc
_cANA